| 000 | 00736nam a22002297a 4500 | ||
|---|---|---|---|
| 005 | 20170124105929.0 | ||
| 010 | _aB-167419 | ||
| 020 |
_a9788180692109 _c900.00 |
||
| 035 | _aB-167419 | ||
| 037 | _bCen Lib/Ret | ||
| 040 |
_aDPL _bEN |
||
| 082 |
_a330.9 _bPAL |
||
| 100 |
_aPal, Saroj K. _97890 |
||
| 245 |
_aLexicon on geography of development / _cby Saroj K. Pal |
||
| 260 |
_aNew Delhi _bConcept Publishing Company _c2005 |
||
| 270 |
_aA-15-16, Commercial Book, Mohan Garden _bNew Delhi _e110059 |
||
| 300 |
_aix, 499p. _c22cm(Hb) |
||
| 500 | _aIncludes bibliographical references and index | ||
| 650 |
_aEconomic geography. _97891 |
||
| 650 |
_aEconomic development. _91481 |
||
| 942 |
_2ddc _cEN _h330.9 _mPAL |
||
| 999 |
_c123742 _d123742 |
||